Professional issues for translators and interpreters

Saved in:
Bibliografiske detaljer
Hovedforfatter: Hammond, Deanna L (Author)
Format: Bog
Sprog:engelsk
Udgivet: Amsterdam Binghamton University 1994
Serier:American Translators Association Scholary Monograph Series, 7
Fag:
Tags: Tilføj Tag
Ingen Tags, Vær først til at tagge denne postø!

MARC

LEADER 00000nam a2200000 a 4500
001 UCP9567
003 CL-VaPUC
008 000331e19940000NE |||||||||||||||||eng|d
082 0 4 |a 418.02  |b HAM  |2 21 
100 0 |a Hammond, Deanna L  |e author  |9 440195 
245 1 0 |a Professional issues for translators and interpreters 
300 |a 214 p 
942 |c BK 
945 |d 20000331 00:00:00  |a rbrito 
260 |a Amsterdam  |b Binghamton University  |c 1994 
650 0 |a Traducción   |9 357261 
650 0 |a Interpretación   |9 258846 
650 0 |a Lingüística aplicada   |9 313266 
583 |a last modification  |c 20000331 00:00:00  |k Rodrigo Vera 
490 0 |a American Translators Association Scholary Monograph Series, 7 
999 |c 286366  |d 286364 
952 |0 0  |1 0  |4 0  |6 418_020000000000000_HAM_1994  |7 0  |8 R  |9 332152  |a BIBEDU  |b BIBEDU  |c MCIRC  |d 2019-11-20  |i 3603784  |o 418.02 HAM 1994  |p 3603784  |r 2023-01-13  |w 2019-11-20  |y BK_R  |k CIT